| 000 | 01102nam a2200241 i 4500 | ||
|---|---|---|---|
| 001 | bg | ||
| 100 | 1 |
_aGIERUSZ, Jerzy _d(1952- ) |
|
| 245 | 1 | 0 |
_aPlan kont z komentarzem : _bhandel, produkcja, usługi / _cJerzy Gierusz. |
| 250 | _aWyd. 14. | ||
| 260 |
_aGdańsk : _bOśrodek Doradztwa i Doskonalenia Kadr, _c2005. |
||
| 300 |
_a660 s. ; _c22 cm. |
||
| 500 | _aZgodny z wymogami ustawy z dnia 29 września 1994 r. o rachunkowości (tj. Dz. U. z 2002 r. Nr 76 poz. 694 z późn. zm.) z uwzględnieniem ustawy z dnia 11 marca 2004 r. o podatku od towarów i usług (Dz.U. Nr 54, poz. 535 z późn. zm.) oraz ustawy z dnia 23 stycznia 2004 r. o podatku akcyzowym (Dz. U. Nr 29, poz. 257 z późn. zm.). | ||
| 504 | _aBibliogr., wykaz aktów prawnych. | ||
| 650 | 9 |
_aKonto _xprawo _zPolska _ystan na 2000 r. |
|
| 020 | _a8374261951 | ||
| 040 | _cBPK | ||
| 041 | 0 | _apl | |
| 080 | _a346.52(438) | ||
| 920 | _a83-7426-195-1 | ||
| 942 | _cKS | ||
| 008 | s pl f |000 0 pol | ||
| 999 |
_c46806 _d46806 |
||
| 856 |
_uhttp://koha.tu.koszalin.pl/cgi-bin/koha/opac-detail.pl?biblionumber=46806 _yKatalog online BPK |
||